[Event "XVII MetLife Najdorf Open 2017"]
[Site "Warsaw"]
[Date "2017.07.09"]
[Round "1.15"]
[White "Mulet, Piotr"]
[Black "Zhigalko, Andrey"]
[Result "0-1"]
[WhiteElo "2307"]
[BlackElo "2564"]
[Annotator "TA"]
[PlyCount "96"]
[EventDate "2017.??.??"]
[EventType "swiss"]
[EventCountry "POL"]
[SourceTitle "playchess.com"]
[Source "ChessBase"]
[SourceQuality "1"]

{[%evp 19,96,16,28,0,0,9,12,0,5,-1,0,0,0,-55,-45,-46,-8,-21,-22,-28,-26,-140,-3,-4,23,-64,-64,-64,-64,-65,-65,-64,-56,-56,-12,-12,-12,-7,74,54,47,0,16,29,123,77,77,83,155,165,264,231,282,224,246,239,319,312,268,252,466,0,234,198,218,0,0,0,0,0,0,0,0,0,0,0,0,0,0]} 1. e4 c5 2. c3 d5 3. exd5 Qxd5 4. d4 Nf6 5. Nf3 e6 6. Be3 Nbd7 {B22: Sicilian: 2 c3} (6... cxd4 7. cxd4 Bb4+ 8. Nc3 O-O 9. Be2 Nbd7 10. O-O Bxc3 11. bxc3 b6 12. Nd2 Qd6 13. Bf3 Rb8 14. c4 Bb7 15. Bxb7 Rxb7 {1-0 (36) Finkel,A (2511)-Navara,D (2725) Tallinn 2016}) 7. c4 Qd6 8. Nc3 cxd4 9. Nxd4 a6 10. Be2 Qc7 {LiveBook: 6 Games} 11. Qc2 $146 ({Predecessor:} 11. O-O b6 {½-½ (11) Yudin,S (2529)-Zubov,A (2601) Pavlodar 2015}) 11... b6 12. O-O-O Bb7 13. Rhg1 Bb4 14. g4 Bxc3 15. Qxc3 O-O 16. g5 (16. f3 $11) 16... Ne4 $15 17. Qc2 Rac8 ({Worse is} 17... Qxh2 18. Rh1 $16) (17... Nxf2 $5 18. Bxf2 Qf4+ 19. Kb1 Qxf2 $15) 18. Rg4 Nd6 $1 19. Rh4 {[%csl Gh4][%cal Rc2h7]} g6 20. b3 (20. Qd2 $1 $11) 20... e5 (20... b5 $17 {Threatening ...e5.} 21. Qd2 bxc4 22. Nxe6 fxe6 23. Qxd6 cxb3+ 24. Qxc7 Rxc7+ 25. Rc4 bxa2) 21. Qd2 $1 $11 {Black should prevent Ne6!} Ne4 {[#]} (21... Nc5 {is more complex.} 22. Ne6 Nxc4 23. Nxc7 Nxd2 24. Rxd2 Rxc7 25. Rc4 Rfc8) 22. Rxe4 (22. Ne6 $1 $11 {[%mdl 512]} Nxd2 (22... fxe6 23. Qxd7) 23. Nxc7 Nxb3+ 24. axb3 Rxc7 25. Rd6) 22... Bxe4 $15 {[#]} 23. Ne6 $1 {[%cal Re6c7][%mdl 512]} fxe6 24. Qxd7 Qxd7 25. Rxd7 b5 $1 26. Kb2 Bc6 27. Ra7 Ra8 28. Rc7 $36 {[%mdl 2048] White is pushing.} Bf3 (28... Rfc8 $11 {remains equal.} 29. Re7 bxc4 30. Rxe6 Bd5 31. Rxe5 cxb3 32. axb3 Bf7) 29. Bxf3 $1 $16 Rxf3 {[%mdl 4096] Endgame KRR-KRB} 30. c5 Rf7 31. Rc6 Re7 (31... b4 $11) 32. Rb6 {[%mdl 1024] White has strong compensation.} Kf7 33. Kc3 $1 Rc7 ({Better is} 33... Ke8) 34. Kb4 $1 Ke7 {[#]} (34... a5+ $142 35. Kxb5 Ke7) 35. Ka5 $1 $18 Kd7 36. Rd6+ Ke7 {[#]} 37. b4 $1 Rca7 38. a3 Rb8 39. Rb6 Rba8 $2 (39... Raa8 40. Bc1 Kd8) 40. Rd6 (40. c6 $142) 40... Rb8 41. h3 Raa8 42. Rc6 $2 (42. h4 $18 Rc8 43. Rxa6) 42... Kd7 $1 $11 {[%cal Rd7c6] The position is equal.} 43. Rd6+ Kc7 44. Rxe6 Re8 45. Rf6 {And now c6 would win.} Rf8 {Hoping for ...Rxf6.} 46. Re6 Rfe8 47. Rf6 Rf8 {...Rxf6 is the strong threat.} 48. Re6 {Black must now prevent c6.} Rfe8 {[%mdl 32768] Precision: White = 57%, Black = 46%. . Loss on Time!?} 0-1

[Event "XVII MetLife Najdorf Open 2017"]
[Site "Warsaw"]
[Date "2017.07.09"]
[Round "1.16"]
[White "Sadzikowski, Daniel"]
[Black "Kujawski, Adam"]
[Result "1-0"]
[WhiteElo "2563"]
[BlackElo "2300"]
[Annotator "TA"]
[PlyCount "101"]
[EventDate "2017.??.??"]
[EventType "swiss"]
[EventCountry "POL"]
[SourceTitle "playchess.com"]
[Source "ChessBase"]
[SourceQuality "1"]

{[%evp 26,101,20,23,39,43,33,30,78,64,67,63,108,64,62,66,89,81,99,99,166,160,163,160,156,160,152,141,194,193,190,187,190,184,243,207,287,206,290,283,288,253,262,247,333,332,300,339,326,318,381,274,333,335,359,230,356,369,366,330,686,676,695,683,959,646,1457,1220,1771,1637,2509,2007,2358,2294,2110,2100,1852,1903]} 1. e4 e5 2. Nf3 Nc6 3. Bb5 a6 4. Ba4 Nf6 5. O-O Be7 6. Re1 b5 7. Bb3 O-O 8. c3 d5 9. exd5 Nxd5 10. Nxe5 Nxe5 11. Rxe5 c6 12. d3 Bd6 13. Re1 Bf5 14. Qf3 Qh4 {C89: Closed Ruy Lopez: Marshall Attack} 15. g3 Qh3 16. Be3 Bg4 {White has an edge.} (16... Bxd3 17. Nd2 Qf5 18. Bd4 Rfe8 19. a4 Kf8 20. h4 Rxe1+ 21. Rxe1 f6 22. Qxf5 Bxf5 {½-½ (33) Vachier Lagrave,M (2796)-Carlsen,M (2832) Paris 2017}) 17. Qg2 Qh5 18. Nd2 Kh8 19. Bxd5 $146 (19. f3 {seems wilder.} Be6 20. Ne4 Be7 21. g4 Qh4 22. Qg3) ({Predecessor:} 19. Bd1 Bxd1 20. Raxd1 f5 21. Qf3 Qg6 22. Bd4 {½-½ (38) Postupa,P (2202)-Biolek,R (2445) Ostrava 2017}) 19... cxd5 20. f3 Bd7 21. Nb3 Rac8 22. Qf2 Qg6 {[#]} (22... Rfe8 $16 {is a better defense.}) 23. Bc5 $1 $18 Bf5 24. Bxd6 Qxd6 25. Qd4 Rfe8 26. Kf2 h6 (26... Qg6 $16) 27. Rxe8+ Rxe8 28. Re1 Rd8 29. Re3 f6 (29... Be6 $142 30. Qe5 Qxe5 31. Rxe5 g6) 30. a3 Rc8 31. Qb4 Qb6 (31... Qd7 $142 32. Nd4 Bg6) 32. Nd4 Bg6 33. Ke2 a5 34. Qxb5 Qxb5 35. Nxb5 {[%mdl 4096] Endgame KRB-KRN} a4 36. Kd2 Rb8 37. c4 Be8 38. Kc1 Bxb5 39. cxb5 Rxb5 {KR-KR} 40. Re8+ Kh7 41. Ra8 Rc5+ 42. Kb1 d4 $2 {[#]} (42... Kg6 43. Rxa4 Kf5) 43. Rxa4 {White is clearly winning.} Rd5 44. Rc4 g5 45. a4 {[%cal Ba3a4,Ba4a5,Ba5a6,Ba6a7][%mdl 32]} h5 46. b4 Rf5 47. a5 Rxf3 48. a6 Rxd3 49. Kb2 Re3 50. a7 Re2+ 51. Kb1 {Precision: White = 84%, Black = 28%.} 1-0

[Event "XVII MetLife Najdorf Open 2017"]
[Site "Warsaw"]
[Date "2017.07.09"]
[Round "1.17"]
[White "Hacker, Jonas"]
[Black "Dziuba, Marcin"]
[Result "0-1"]
[WhiteElo "2297"]
[BlackElo "2561"]
[Annotator "TA"]
[PlyCount "82"]
[EventDate "2017.??.??"]
[EventType "swiss"]
[EventCountry "POL"]
[SourceTitle "playchess.com"]
[Source "ChessBase"]
[SourceQuality "1"]

{[%evp 25,82,0,-2,-25,75,72,74,59,49,21,40,38,33,0,0,0,54,31,21,0,0,0,33,0,47,34,21,15,51,0,0,-7,0,0,0,-41,-29,-77,-93,-280,-271,-261,-269,-279,-270,-374,-361,-373,-382,-431,-420,-593,-484,-589,-583,-5939,-6095,-29980,-29981]} 1. e4 c5 2. Nf3 d6 3. d4 cxd4 4. Nxd4 Nf6 5. Nc3 a6 6. Bg5 e6 7. f4 h6 8. Bh4 Qb6 9. a3 Nbd7 {B96: Sicilian Najdorf: 6 Bg5 e6 7 f4, lines other than 7...Qb6 and 7...Be7} (9... Be7 10. Bf2 Qc7 11. Qf3 Nbd7 12. O-O-O b5 13. g4 Bb7 14. h4 d5 15. e5 Ne4 16. Rh3 Nxf2 17. Qxf2 {½-½ (43) Caruana,F (2817)-Vachier Lagrave,M (2803) Karlsruhe 2017}) 10. Bf2 Qc7 11. Qf3 b5 12. O-O-O Bb7 13. Bd3 Be7 {LiveBook: 6 Games} 14. Kb1 {[#]} Nb6 $146 (14... Nc5 $11 {keeps the balance.}) ({Predecessor:} 14... Nc5 15. Be1 Rc8 16. Rf1 O-O 17. g4 {1-0 (61) Dubko,V (2375)-Burne,N (2503) ICCF email 2012}) 15. g4 $16 Nc4 16. Bxc4 Qxc4 17. g5 hxg5 18. fxg5 Nd7 19. g6 fxg6 20. Qg4 Nf8 (20... Ne5 $11 21. Qxe6 Qxe6 22. Nxe6 Rc8) 21. Rd3 {[%mdl 1024] White has compensation.} e5 22. Nb3 Qe6 23. Qg2 Rc8 $1 24. h4 Rh6 (24... g5 $5) 25. Na5 Ba8 26. Nd5 Bxd5 27. Rxd5 (27. exd5 $14 Qf7 28. Nc6) 27... g5 $11 28. hxg5 Rxh1+ 29. Qxh1 Qg4 30. Be3 Ne6 31. Nb7 Kd7 $36 {[%mdl 2048] aiming for ...Rc4. Black is in control.} 32. a4 $2 {[#]} (32. Rd2 $17) 32... Qe2 $19 ({Don't play} 32... bxa4 33. Nxd6 Bxd6 34. Qf1) 33. Qd1 Qxd1+ 34. Rxd1 bxa4 35. Rd3 Rc4 36. b3 axb3 37. cxb3 Rxe4 38. Bc5 (38. Kc2 $142) 38... Nd4 39. Bxd4 Rxd4 40. Rxd4 exd4 41. g6 d5 {Precision: White = 28%, Black = 76%.} 0-1

[Event "XVII MetLife Najdorf Open 2017"]
[Site "Warsaw"]
[Date "2017.07.09"]
[Round "1.18"]
[White "Czarnota, Pawel"]
[Black "Kucza, Karol"]
[Result "1-0"]
[WhiteElo "2557"]
[BlackElo "2297"]
[Annotator "TA"]
[PlyCount "65"]
[EventDate "2017.??.??"]
[EventType "swiss"]
[EventCountry "POL"]
[SourceTitle "playchess.com"]
[Source "ChessBase"]
[SourceQuality "1"]

{[%evp 12,65,19,28,60,62,68,77,81,62,112,94,95,95,93,96,163,88,139,137,146,167,155,143,161,95,107,106,147,101,120,145,286,287,282,305,292,288,404,389,979,958,854,791,801,745,745,724,638,638,539,534,511,487,525,517]} 1. e4 e5 2. Nf3 Nc6 3. Bc4 Nf6 4. d3 Bc5 5. c3 d6 6. O-O O-O 7. a4 {[%cal Ba2a4,Ba4a5][%mdl 32] LiveBook: 92 Games. And now b4 would win.} d5 {C54: Giuoco Piano: 4 c3 Nf6, main lines with 5 d4 and 5 d3} (7... a5 8. Bg5 h6 9. Bh4 g5 10. Bg3 Kg7 11. Re1 g4 12. Bh4 Ne7 13. Bxf6+ Kxf6 14. d4 Bb6 15. Nh4 Kg7 {0-1 (51) Hou,Y (2652)-Ding,L (2773) Moscow 2017}) 8. exd5 Nxd5 9. Re1 $146 ({Predecessor:} 9. b4 Be7 10. b5 Na5 11. Nxe5 Nxc4 12. dxc4 Bd6 13. Qxd5 Be6 14. Qe4 Re8 15. Nf3 {0-1 (22) Fuertes,J (1685)-Moreno Mestre,J (1875) San Jose 1998}) 9... Nb6 {White is better.} 10. Bb5 f6 11. a5 Nd5 12. Bc4 {d4 is the strong threat.} Kh8 13. b4 {[%cal Bb2b4,Bb4b5][%mdl 32]} Be7 (13... Nxc3 $16 {might work better.} 14. Nxc3 Bxb4) 14. Qb3 (14. b5 $18) 14... Nf4 ({Black should play} 14... Be6) 15. b5 $16 Nb8 ({But not} 15... Nxg2 $2 16. Kxg2 Qd7 17. Kh1 $18 (17. bxc6 Qh3+ 18. Kg1 Qg4+ 19. Kf1 Qxf3 $16)) 16. Bxf4 exf4 17. Nbd2 $36 {[%mdl 2048] White is really pushing.} a6 18. Nd4 (18. d4 $18) 18... axb5 19. Qxb5 Bd6 20. N2f3 Na6 {[#]} 21. Qh5 $1 Qd7 {[#]} (21... g6 $16 {was called for.} 22. Qh6 c6) 22. Ne6 $1 $18 {[%cal Re6f8,Bd4e6,Be6g5,Bg5f7][%mdl 32]} Qe8 23. Qxe8 Rxe8 24. Neg5 Rxe1+ (24... Rf8 $142) 25. Rxe1 {Re8+ would kill now.} g6 $2 (25... Be6) 26. Re8+ {White is clearly winning.} Kg7 27. Rg8+ Kh6 28. Nf7+ Kh5 29. Rh8 g5 30. Nxd6 cxd6 {[#]} 31. Be6 $1 {[%mdl 512]} Bxe6 32. Rxa8 Nc5 33. Rd8 {Precision: White = 83%, Black = 33%.} 1-0

[Event "XVII MetLife Najdorf Open 2017"]
[Site "Warsaw"]
[Date "2017.07.09"]
[Round "1.19"]
[White "Winiarski, Mikolaj"]
[Black "Markowski, Tomasz"]
[Result "0-1"]
[WhiteElo "2295"]
[BlackElo "2557"]
[Annotator "TA"]
[PlyCount "62"]
[EventDate "2017.??.??"]
[EventType "swiss"]
[EventCountry "POL"]
[SourceTitle "playchess.com"]
[Source "ChessBase"]
[SourceQuality "1"]

{[%evp 16,62,-6,-2,5,-16,12,0,18,-3,-3,-11,31,20,4,18,29,0,20,0,0,0,12,-18,-14,-4,-6,-41,-20,-75,-43,-74,-79,-136,-143,-127,-136,-117,-90,-198,-155,-204,-185,-254,-255,-236,-216,-349,-353]} 1. d4 Nf6 2. Bg5 e6 3. Nd2 h6 4. Bh4 c5 5. e3 (5. c3 cxd4 6. cxd4 Nc6 7. Ngf3 g5 8. Bg3 Nh5 9. e3 Nxg3 10. hxg3 Bg7 11. Bb5 O-O 12. Rc1 f5 13. Bxc6 bxc6 {1-0 (71) Jobava,B (2713)-Short,N (2688) Malmo 2017}) 5... b6 6. Bd3 {A45: Trompowsky Attack} Bb7 7. Bxf6 $146 ({Predecessor:} 7. Ngf3 Be7 8. O-O O-O 9. c3 d6 10. Bxf6 Bxf6 11. Qe2 Nd7 12. Rad1 Qc7 13. e4 Rfc8 14. Rfe1 cxd4 15. cxd4 e5 16. Nb3 exd4 17. Nfxd4 Nc5 18. Nxc5 Qxc5 {0-1 (58) Georgiev,V (2518)-Gelashvili,T (2575) Athens 2006}) 7... Qxf6 8. Ngf3 Nc6 9. c3 {LiveBook: 11 Games} Qd8 10. Qe2 a6 11. a3 b5 12. b4 c4 13. Bc2 Be7 (13... a5 $5 {[%cal Ra5b4]} 14. O-O g5 $11) 14. O-O O-O 15. e4 {[%cal Be3e4,Be4e5][%mdl 32]} d6 16. Rfe1 Nb8 17. e5 Nd7 18. Ne4 Qc7 {[%cal Rd6e5]} 19. Rad1 Rfd8 {[%cal Rd6e5]} 20. exd6 Bxd6 21. h4 Be7 22. Bb1 (22. Nc5 $11 Bd5 23. Nxd7 Qxd7 24. Be4) 22... Qf4 $17 23. g3 {[#]} Qg4 $1 24. Kg2 ({Better is} 24. Nh2 Qxe2 25. Rxe2) 24... a5 25. Qe3 axb4 26. axb4 Bd5 {Hoping for ...f5.} 27. Nh2 {[#]} (27. Ne5 $17 Nxe5 28. dxe5) 27... Qh5 $1 $36 {[%mdl 2048] And now ...f5 would win. White is under strong pressure.} 28. f3 f5 29. Nf2 (29. Nc5 {is a better defense.} Nxc5 30. dxc5) 29... Bd6 30. Nh3 Ra3 31. Qd2 (31. Rc1 $142) 31... Nf6 {Precision: White = 30%, Black = 47%.} 0-1

[Event "XVII MetLife Najdorf Open 2017"]
[Site "Warsaw"]
[Date "2017.07.09"]
[Round "1.20"]
[White "Kveinys, Aloyzas"]
[Black "Villegas, Pierre"]
[Result "1-0"]
[WhiteElo "2542"]
[BlackElo "2295"]
[Annotator "TA"]
[PlyCount "93"]
[EventDate "2017.??.??"]
[EventType "swiss"]
[EventCountry "POL"]
[SourceTitle "playchess.com"]
[Source "ChessBase"]
[SourceQuality "1"]

{[%evp 25,93,-8,10,-10,12,-8,6,-9,15,0,43,32,83,59,61,61,62,72,89,13,37,27,28,7,8,8,38,8,164,154,171,160,333,329,331,153,152,176,168,161,159,176,145,149,167,158,177,161,174,159,168,155,178,153,166,139,136,134,120,147,152,162,407,402,400,390,543,369,649,642]} 1. d4 Nf6 2. c4 e6 3. g3 d5 4. Nf3 Be7 5. Bg2 O-O 6. O-O dxc4 7. Qc2 a6 8. a4 Bd7 9. Qxc4 Bc6 10. Bg5 Bd5 11. Qc2 Be4 12. Qd1 {E05: Open Catalan: 5 Nf3 Be7} c5 13. Nbd2 {[%cal Bb1d2,Bd2c4,Bc4e3][%mdl 32]} Bc6 {[#] LiveBook: 10 Games} 14. Nc4 $146 {The position is equal.} ({Predecessor:} 14. dxc5 Bxc5 15. Ne5 Bxg2 16. Kxg2 Bd4 17. Ndf3 Bxb2 18. Rb1 Bxe5 19. Nxe5 Nc6 20. Bxf6 Qxd1 21. Rfxd1 gxf6 {1-0 (57) Li,C (2686)-Xiu,D (2534) Xinghua 2013}) 14... Bd5 15. Ne3 Be4 (15... Bxf3 $5 16. Bxf3 cxd4 $11) 16. dxc5 Bxc5 17. Qb3 Nc6 18. Rac1 b6 ({Better is} 18... Qb6 $14 19. Qxb6 Bxb6) 19. Rfd1 Qe7 20. Ng4 h5 $1 {[%cal Rh5g4]} 21. Nxf6+ gxf6 22. Bh4 ({White should try} 22. Be3 $16) 22... Kg7 23. Qc4 $36 {[%mdl 2048] White is pushing.} Bg6 24. Nd2 Ne5 25. Qf4 Rac8 26. Nb3 (26. Bb7 $5 {[%cal Rb7c8]} Rcd8 27. Qxe5 $3 $14 {[%mdl 512]} (27. Bxa6 Rd4 $11)) 26... Ng4 $2 (26... Bb4 $1 $11 {and Black has nothing to worry.}) 27. Nxc5 $18 Rxc5 28. Rxc5 Qxc5 $2 (28... bxc5 $16 29. f3 Nh6) 29. h3 $1 e5 30. b4 (30. Qf3 $18 {is the precise move to win.} Qc2 31. Rf1) 30... Qc2 $16 31. Qd2 Nh6 {[#]} 32. Qxc2 $1 Bxc2 33. Rd6 $1 {[%csl LRb6,LRf6]} Ng8 34. a5 bxa5 35. bxa5 Rb8 36. Rxa6 Rb1+ 37. Kh2 Ra1 38. Bd5 Ra4 39. Ra7 Nh6 40. a6 {Black must now prevent Rc7.} Bd1 {[#]} 41. Bf3 $1 {Hoping for Rd7.} Nf5 42. Rd7 Nd4 43. Bxh5 Rxa6 $2 (43... Bb3 {was worth a try.} 44. e3 Be6) 44. Rxf7+ $18 Kh6 45. g4 Bxe2 46. Rxf6+ Rxf6 $2 (46... Kg7 47. Rxa6 Bxa6) 47. Bxf6 {Precision: White = 48%, Black = 31%.} 1-0

[Event "XVII MetLife Najdorf Open 2017"]
[Site "Warsaw"]
[Date "2017.07.09"]
[Round "1.21"]
[White "Rahul Srivatshav P"]
[Black "Lalith Babu M R"]
[Result "1-0"]
[WhiteElo "2295"]
[BlackElo "2530"]
[Annotator "TA"]
[PlyCount "79"]
[EventDate "2017.??.??"]
[EventType "swiss"]
[EventCountry "POL"]
[SourceTitle "playchess.com"]
[Source "ChessBase"]
[SourceQuality "1"]

{[%evp 14,79,3,-10,-1,-25,42,31,47,6,14,4,18,12,25,19,52,50,66,44,68,39,39,49,20,18,37,27,27,18,25,18,18,17,47,41,79,0,0,0,0,16,10,0,23,-79,-71,-248,-220,-223,-187,-174,0,0,172,167,179,55,188,174,512,437,578,359,29995,29996,29996,29997]} 1. d4 Nf6 2. c4 e6 3. Nc3 Bb4 4. e3 O-O 5. Nge2 c6 {[%cal Bc7c6,Bc6c5][%mdl 32]} (5... Re8 6. a3 Bf8 7. Ng3 d5 8. Be2 b6 9. cxd5 exd5 10. b4 Bb7 11. O-O Nbd7 12. Qb3 c6 13. Bf3 a6 14. Rd1 b5 15. e4 Nb6 {0-1 (51) Gupta,A (2627)-Wei,Y (2725) Liaocheng 2017}) 6. a3 {E46: Nimzo-Indian: Rubinstein: 4 e3 0-0 5 Ne2 without early Bd3} Ba5 7. Ng3 d5 8. Bd3 {LiveBook: 17 Games. The position is equal.} c5 9. O-O Nbd7 $146 (9... cxd4 $11 10. exd4 dxc4 11. Bxc4 Nc6) ({Predecessor:} 9... cxd4 10. exd4 dxc4 11. Bxc4 Nc6 12. Be3 Bb6 13. d5 Bxe3 14. fxe3 {0-1 (42) Martynov,P (2223)-Smirnov,P (2580) St Petersburg 2011}) 10. cxd5 $14 exd5 11. Bc2 Re8 12. Nce2 {next dxc5 is good for White.} Bc7 13. dxc5 Nxc5 14. b4 Nce4 15. Bb2 Qe7 16. Nf4 Rd8 17. Ngh5 Be5 18. Nxf6+ Nxf6 19. Bd4 Bg4 20. f3 Bd7 21. Rc1 a5 22. Bb6 Re8 23. bxa5 Bc6 24. Qd3 Qd6 25. Bb1 (25. Nh5 $1 $16 {Black must now prevent f4.} g6 26. Nxf6+ Bxf6 27. Bb3) 25... g6 $11 26. Bc5 Qd7 27. Qd2 Qc7 28. Bb6 Qb8 29. Qd3 (29. g3 $11 {remains equal.}) 29... Nd7 $1 $17 30. Nxd5 $2 (30. Bd4 $17 {might work better.}) 30... Nxb6 $19 (30... Bxh2+ 31. Kh1 $15) 31. axb6 Bxh2+ 32. Kh1 {[#]} Be5 $2 ({Better is} 32... Bxd5 $1 $19 33. Qxd5 Re5) 33. Nb4 $36 {[%mdl 2048] White fights for an advantage.} Ba4 $2 {[#]} (33... Bg3 $11 {and Black stays safe.} 34. f4 (34. Nxc6 bxc6 35. f4 Qxb6 $11) 34... Be4) 34. f4 $1 $18 {[%cal Rf4e5]} Rd8 35. Qe4 (35. Nd5 $18 Ra5 36. Ba2 (36. fxe5 Raxd5 37. Qe4 Rxe5 $11)) 35... Bd6 (35... Bg7 $14) 36. Nd5 {f5 is the strong threat.} Ra5 $2 (36... Bb5 {is tougher.}) 37. f5 Bc6 38. fxg6 {White wants to mate with g7!} fxg6 $2 (38... Rxd5 $18 39. gxf7+ Kf8 40. Qxh7 Rd2) 39. Qe6+ Kh8 40. Rf7 {Precision: White = 44%, Black = 33%.} 1-0

[Event "XVII MetLife Najdorf Open 2017"]
[Site "Warsaw"]
[Date "2017.07.09"]
[Round "1.22"]
[White "Jakubowski, Krzysztof"]
[Black "Miroshnichenko, Pavel"]
[Result "1/2-1/2"]
[WhiteElo "2518"]
[BlackElo "2294"]
[Annotator "TA"]
[PlyCount "82"]
[EventDate "2017.??.??"]
[EventType "swiss"]
[EventCountry "POL"]
[SourceTitle "playchess.com"]
[Source "ChessBase"]
[SourceQuality "1"]

{[%evp 15,82,28,27,-34,35,31,37,28,28,28,28,28,25,44,49,47,44,50,50,42,45,46,44,49,53,53,53,53,52,57,72,66,60,82,65,54,52,51,62,16,20,19,20,0,0,0,0,0,0,-6,-10,-20,0,-59,-40,-37,-29,-90,-93,-85,0,0,0,0,0,0,0,0,0]} 1. d4 d5 2. c4 c6 3. e3 Nf6 4. Nf3 g6 5. b3 Bg7 6. Bb2 {D70: Grünfeld: Unusual White 3rd moves (met by ...d5)} O-O 7. Nbd2 (7. Nc3 e6 8. Be2 b6 9. O-O Bb7 10. cxd5 exd5 11. b4 Nbd7 12. Nd2 a5 13. a3 b5 14. Nb3 a4 15. Nc1 {0-1 (60) Nakamura,H (2793)-Caruana,F (2787) Saint Louis 2015}) 7... Bf5 8. Be2 Ne4 {LiveBook: 4 Games} 9. Nxe4 (9. O-O $11) 9... Bxe4 (9... dxe4 $15 10. Nd2 e5) 10. O-O $14 c5 $146 ({Predecessor:} 10... Nd7 11. Ng5 Nf6 12. Nxe4 Nxe4 13. f3 Nd6 14. Bd3 e6 15. Qd2 {½-½ (46) Anton,T (2423)-Petre,N (2362) Condom 2012}) 11. Qd2 cxd4 12. Bxd4 Bxd4 13. exd4 Nc6 14. Rfd1 Qd6 15. c5 Qf6 16. b4 a6 17. Qc3 Rad8 18. Ne5 Nxe5 19. dxe5 Qg5 {[%csl Ge4][%cal Rg5g2] [#]} 20. f3 d4 21. Qd2 Qxd2 22. Rxd2 Bc6 23. Bc4 d3 24. Rc1 ({Much weaker is} 24. Bxd3 Rd4 $15) 24... Rd4 25. Rxd3 Rxd3 26. Bxd3 {[%mdl 4096] Endgame KRB-KRB} Rd8 27. Bf1 Rd2 28. a3 g5 29. Re1 Kg7 30. Re3 h5 31. Be2 Ra2 32. h4 gxh4 33. f4 Kg6 34. Bf3 (34. Bd3+ $11 Kh6 35. Be2) 34... Kf5 35. Bxc6 bxc6 $15 {KR-KR} 36. Kh2 (36. e6 $1 $11 {remains equal.} Ra1+ 37. Kf2) 36... Kxf4 $17 37. Rf3+ Kg4 (37... Kxe5 $17 {And now ...f5 would win.} 38. Rxf7 Rxa3 39. Rxe7+ Kd5) 38. Rxf7 $11 {The position is equal.} h3 39. Rxe7 Rxg2+ 40. Kh1 Ra2 41. Rg7+ Kf5 {Precision: White = 63%, Black = 77%.} 1/2-1/2

[Event "XVII MetLife Najdorf Open 2017"]
[Site "Warsaw"]
[Date "2017.07.09"]
[Round "1.23"]
[White "Heinemann, Josefine"]
[Black "Warakomski, Tomasz"]
[Result "0-1"]
[WhiteElo "2294"]
[BlackElo "2518"]
[Annotator "TA"]
[PlyCount "60"]
[EventDate "2017.??.??"]
[EventType "swiss"]
[EventCountry "POL"]
[SourceTitle "playchess.com"]
[Source "ChessBase"]
[SourceQuality "1"]

{[%evp 21,60,39,83,-67,-79,-81,-69,-133,4,4,4,4,8,0,0,0,7,0,2,0,0,0,0,0,0,-97,-75,-76,-81,-218,-160,-980,-979,-1024,-829,-1017,-1007,-6387,-5389,-5506,-1014]} 1. e4 c5 2. Nf3 d6 3. d4 cxd4 4. Nxd4 Nf6 5. Nc3 a6 6. Bg5 e6 7. f4 Be7 8. Qf3 h6 9. Bh4 Qc7 10. O-O-O Nbd7 11. Be2 Rb8 {LiveBook: 57 Games} 12. g4 {B99: Sicilian Najdorf: 6 Bg5 e6 7 f4 Be7 8 Qf3 Qc7 9 0-0-0 Nbd7} ({White should try} 12. Qg3 $16) (12. Qg3 Rg8 13. Rhf1 g5 14. fxg5 Ne5 15. Ndb5 axb5 16. gxf6 Rxg3 17. Bxg3 Bd7 18. fxe7 Kxe7 19. Bxb5 Bc6 20. Rf2 {0-1 (33) Baron,T (2541)-Nepomniachtchi,I (2705) Skopje 2015}) 12... b5 $1 $15 13. Bxf6 Bxf6 14. Bxb5 $146 (14. h4 $15) ({Predecessor:} 14. Qh3 b4 15. Ndb5 axb5 16. Nxb5 Rxb5 17. Bxb5 g5 18. f5 Ke7 19. Rd2 Ne5 {0-1 (57) Lach,A (2177)-Barski,R (2255) Mrzezyno 2011}) 14... Bxd4 ({Black should play} 14... axb5 $17 15. Ndxb5 Qc6 16. Rxd6 Qc5) 15. Bxd7+ $1 $11 Bxd7 16. Rxd4 {Strongly threatening Rhd1.} Qb6 17. Qd3 {Hoping for b3.} Qxb2+ 18. Kd2 Bb5 $132 {[%mdl 2048] Black has counterplay} 19. Qe3 O-O 20. Rb1 Qa3 21. Nxb5 Qa5+ 22. Qc3 Rxb5 23. Rxb5 (23. Qxa5 $11 {keeps the balance.} Rxa5 24. Rxd6) 23... Qxb5 $17 24. Rxd6 $11 {[%mdl 4096] Endgame KQR-KQR} Qf1 25. Qe3 (25. Qg3 $17) 25... Rc8 $19 {[#] And now ...Qg2+ would win.} 26. h3 $2 (26. Qg3 $17) 26... Qg2+ {Black is clearly winning.} 27. Kd1 Qxc2+ 28. Ke1 Rc3 29. Qd4 Qb1+ 30. Kf2 Qxa2+ {Precision: White = 24%, Black = 70%.} (30... Rxh3 $142 31. e5 Qc2+ 32. Kg1 Qe2) 0-1